| 000 | 00553nam a2200169 a 4500 | ||
|---|---|---|---|
| 001 | 000017601 | ||
| 005 | 20250228152923.0 | ||
| 008 | 100329s1983 dr 000 0 spa d | ||
| 040 |
_aDO-SdBNP _bspa _cBNPHU |
||
| 082 |
_axxx _bC352e |
||
| 100 | 1 |
_aCastillo, EfraĆm, _d1940- _928022 |
|
| 245 | 1 | 3 |
_aLa especificidad publicitaria y su adaptabilidad al entorno social / _cEfraim Castillo. |
| 260 |
_aSanto Domingo : _bTaller, _c1983. |
||
| 300 |
_a29 p. : _bgraf. ; _c22 cm. |
||
| 490 | 1 |
_aBiblioteca Taller _vno. 155 |
|
| 830 | 0 |
_aBiblioteca Taller _n155 _938388 |
|
| 999 |
_c17126 _d17126 |
||